<?xml version="1.0" encoding="UTF-8"?>
<collection xmlns:xsi="http://www.w3.org/2001/XMLSchema-instance" xsi:schemaLocation="http://www.loc.gov/MARC21/slim http://www.loc.gov/standards/marcxml/schema/MARC21slim.xsd" xmlns="http://www.loc.gov/MARC21/slim">
 <record>
  <leader>00000ctm a22000004a 4500</leader>
  <controlfield tag="001">UP-99796217613056710</controlfield>
  <controlfield tag="003">Buklod</controlfield>
  <controlfield tag="005">20190619151608.0</controlfield>
  <controlfield tag="006">a     r    |||| u|</controlfield>
  <controlfield tag="007">ta</controlfield>
  <controlfield tag="008">190619s2019    xx     d     r    |||| u|</controlfield>
  <datafield tag="035" ind1=" " ind2=" ">
   <subfield code="a">(iLib)UPD-00405465833</subfield>
  </datafield>
  <datafield tag="040" ind1=" " ind2=" ">
   <subfield code="a">DCHE</subfield>
   <subfield code="e">rda</subfield>
  </datafield>
  <datafield tag="041" ind1=" " ind2=" ">
   <subfield code="a">eng</subfield>
  </datafield>
  <datafield tag="042" ind1=" " ind2=" ">
   <subfield code="a">DMLUC</subfield>
  </datafield>
  <datafield tag="090" ind1=" " ind2=" ">
   <subfield code="a">LG 993.5 2019 C56</subfield>
   <subfield code="b">B55</subfield>
  </datafield>
  <datafield tag="100" ind1="1" ind2=" ">
   <subfield code="a">Billoso, Janielle Kale Bofill</subfield>
   <subfield code="e">author.</subfield>
  </datafield>
  <datafield tag="245" ind1="1" ind2="0">
   <subfield code="a">Clothing practices of selected adolescents with down syndrome</subfield>
   <subfield code="c">Janielle Kale B. Billoso ; Maria Monica E. Rayala, adviser.</subfield>
  </datafield>
  <datafield tag="264" ind1=" " ind2="1">
   <subfield code="a">Quezon City</subfield>
   <subfield code="b">College of Home Economics, University of the Philippines Diliman</subfield>
   <subfield code="c">2019.</subfield>
  </datafield>
  <datafield tag="300" ind1=" " ind2=" ">
   <subfield code="a">vii, 161 leaves</subfield>
   <subfield code="b">illustrations</subfield>
   <subfield code="c">28 cm.</subfield>
   <subfield code="e">1 CD-ROM (4 3/4 in.)</subfield>
  </datafield>
  <datafield tag="336" ind1=" " ind2=" ">
   <subfield code="a">text</subfield>
   <subfield code="2">rdacontent</subfield>
  </datafield>
  <datafield tag="337" ind1=" " ind2=" ">
   <subfield code="a">unmediated</subfield>
   <subfield code="2">rdamedia</subfield>
  </datafield>
  <datafield tag="338" ind1=" " ind2=" ">
   <subfield code="a">volume</subfield>
   <subfield code="2">rdacarrier</subfield>
  </datafield>
  <datafield tag="500" ind1=" " ind2=" ">
   <subfield code="a">Available to the general public.</subfield>
  </datafield>
  <datafield tag="502" ind1=" " ind2=" ">
   <subfield code="a">Thesis (B.S. Clothing Technology)--University of the Philippines Diliman</subfield>
   <subfield code="d">May 2019.</subfield>
  </datafield>
  <datafield tag="506" ind1=" " ind2=" ">
   <subfield code="a">Available to the general public.</subfield>
  </datafield>
  <datafield tag="520" ind1="2" ind2=" ">
   <subfield code="a">Clothing practices and its influence on the development of one's self image and self esteem during the stage of adolescence has been proven to have a signifivant impact in the lives of individuals. This study dealt with the clothing practices of adolescents with Down Syndrome and how it could affect the individual's psychosocial wellbeing. The study described the clothing practices of selected adolescents with Down Syndrome in terms of their clothing acquisition (style, color, and comfort preferences and buying practices), use (grooming, and deciding on what to wear for specific occasions), and care. Thirty (30) respondents were gathered through a convenient non-probabilistic sampling method. respondents were selected from two organizations such as  The Heart at Play Foundation, Inc. and the Down Syndrome Association of the Philippines Inc. The adolescents with assistance from their respective parents or guardians participated in the survey. Six of these adolescents ( along with their respective caregivers) were personally interviewed about their clothing practices. Data gathered from the survey were quantified and interpreted using descriptive statistics. Anecdotal data from the interviews conducted were used to verify and support the data gathered through the survey. The results of the study determined that the clothing practices of adolescents with Down Syndrome were not very different from the clothing practices of normal adolescents. There were merely some nuances that were unique to the respondents' clothing practices in terms of style influences and preferences, the impact of the decision making aspect in using and purchasing clothing, and the physical development that care and grooming practices aids them with. The research hopes to shed light on the persons with disabilities community and encourage more families with Down Syndrome members to use clothing practices as a tool to empower and include these individuals in our society.</subfield>
  </datafield>
  <datafield tag="650" ind1=" " ind2="0">
   <subfield code="a">Clothing and dress</subfield>
   <subfield code="z">Philippines</subfield>
   <subfield code="z">Metro Manilla.</subfield>
  </datafield>
  <datafield tag="650" ind1=" " ind2="0">
   <subfield code="a">Mentally ill teenagers</subfield>
   <subfield code="z">Philippines</subfield>
   <subfield code="z">Metro Manila</subfield>
   <subfield code="x">Clothing.</subfield>
  </datafield>
  <datafield tag="650" ind1=" " ind2="0">
   <subfield code="a">Clothing and dress</subfield>
   <subfield code="v">Social aspects</subfield>
   <subfield code="z">Philippines</subfield>
   <subfield code="x">Metro Manila.</subfield>
  </datafield>
  <datafield tag="650" ind1=" " ind2="0">
   <subfield code="a">Down syndrome</subfield>
   <subfield code="z">Philippines</subfield>
   <subfield code="z">Metro Manilla.</subfield>
  </datafield>
  <datafield tag="700" ind1="1" ind2=" ">
   <subfield code="a">Rayala, Maria Monica E.</subfield>
   <subfield code="e">adviser.</subfield>
  </datafield>
  <datafield tag="905" ind1=" " ind2=" ">
   <subfield code="a">FI</subfield>
  </datafield>
  <datafield tag="905" ind1=" " ind2=" ">
   <subfield code="a">UP</subfield>
  </datafield>
  <datafield tag="852" ind1="0" ind2=" ">
   <subfield code="a">UPD</subfield>
   <subfield code="b">DCHE</subfield>
   <subfield code="h">LG 993.5 2019 C56</subfield>
   <subfield code="i">B55</subfield>
  </datafield>
  <datafield tag="942" ind1=" " ind2=" ">
   <subfield code="a">Thesis</subfield>
  </datafield>
 </record>
</collection>
